000 00543nam a2200193 i 4500
001 142448
003 ES-MaACL
005 20230906200526.0
007 t|
008 071005s1979 sp ||||1| cat d
100 1 _aViladot, Guillem.
_9114754
245 1 3 _aLa llei de pedra i altres histáories /
_cGuillem Viladot.
260 _a[Barcelona :
_bPortic,
_c1979]
300 _a262 p. ;
_c20 cm.
490 1 _aCollecció El Brot
830 0 _aCollecció El Brot
_9220491
852 _aES-MaACL
_jA-10658
_bR.99990
999 _c142448
_d142448